[Event "BL2-Sued 1516"]
[Site "Germany"]
[Date "2016.04.24"]
[Round "2.8"]
[White "Jonitz, Jens"]
[Black "Armbruster, Alexander"]
[Result "1/2-1/2"]
[WhiteElo "2170"]
[BlackElo "2319"]
[PlyCount "116"]
[EventDate "2015.09.20"]
[EventType "team-tourn"]
[EventRounds "9"]
[EventCountry "GER"]
[SourceTitle "EXT 2017"]
[Source "ChessBase"]
[SourceDate "2016.10.25"]
[SourceVersion "1"]
[SourceVersionDate "2016.10.25"]
[SourceQuality "1"]
[WhiteTeam "Untergrombach"]
[BlackTeam "Hofheim"]
[WhiteTeamCountry "GER"]
[BlackTeamCountry "GER"]

1. e4 c5 2. Nc3 e6 3. d4 cxd4 4. Qxd4 Nc6 5. Qe3 Nf6 6. Bd2 a6 7. 0-0-0 b5 8. Kb1 Bb7 9. Be2 d6 10. f4 b4 11. Na4 d5 12. e5 Ne4 13. Bf3 Qa5 14. Bxe4 dxe4 15. b3 Ne7 16. Qb6 Qxb6 17. Nxb6 Rd8 18. Ne2 Nf5 19. Nc4 Bc5 20. Ng3 Nxg3 21. hxg3 Bd5 22. Be3 Bxe3 23. Nxe3 Ke7 24. Rd4 a5 25. Rhd1 Bc6 26. Kb2 Rxd4 27. Rxd4 g5 28. Nc4 gxf4 29. Nxa5 Bd5 30. gxf4 Rg8 31. f5 Rxg2 32. Nc4 Rg3 33. Nd6 e3 34. f6+ Kd7 35. Kc1 Rg1+ 36. Rd1 Rxd1+ 37. Kxd1 Bf3+ 38. Ke1 Bh5 39. Nc4 e2 40. a3 bxa3 41. Nxa3 Kc6 42. c4 Kc5 43. Nb5 Kb4 44. Nd4 Bg4 45. Nxe2 Kxb3 46. c5 Kc4 47. c6 Bf3 48. c7 Bb7 49. Ng1 Kc5 50. Kf2 Kb6 51. Nf3 h6 52. Nd4 Bc8 53. Ke3 Bd7 54. Nb3 Kxc7 55. Nc5 Kd8 56. Kf4 Bc6 57. Kg4 Ke8 58. Kh5 Kf8 1/2-1/2

[Event "Verbandsliga Nord Baden 0910"]
[Site "Baden"]
[Date "2011.03.27"]
[Round "8.2"]
[White "Jonitz, Jens"]
[Black "Kuci, Blerim"]
[Result "0-1"]
[WhiteElo "2138"]
[BlackElo "2204"]
[PlyCount "66"]
[EventDate "2010.10.17"]
[EventType "team-tourn"]
[EventRounds "9"]
[EventCountry "GER"]
[SourceTitle "EXT 2012"]
[Source "ChessBase"]
[SourceDate "2011.11.24"]
[SourceVersion "1"]
[SourceVersionDate "2011.11.24"]
[SourceQuality "1"]
[WhiteTeam "Untergrombach II"]
[BlackTeam "Hockenheim II"]
[WhiteTeamCountry "GER"]
[BlackTeamCountry "GER"]

1. c3 d6 2. d4 Nd7 3. Bg5 Ngf6 4. Nd2 c6 5. Ngf3 Qc7 6. e4 e5 7. Bd3 Be7 8. 0-0 0-0 9. Nh4 Nb6 10. f4 Ng4 11. Bxe7 Qxe7 12. Qe1 Nh6 13. Qg3 f6 14. a4 a5 15. fxe5 dxe5 16. dxe5 fxe5 17. Rxf8+ Kxf8 18. Qf2+ Kg8 19. Qxb6 Qxh4 20. Bc4+ Kh8 21. Nf3 Qe7 22. Nxe5 Bh3 23. Rd1 Qg5 24. g3 Rf8 25. Nf3 Qe7 26. Qe3 Ng4 27. Qe2 Qc5+ 28. Nd4 Rf2 29. Qxf2 Nxf2 30. Kxf2 Qxc4 31. Nf5 h6 32. Nd6 Qxa4 33. Nxb7 Qxd1 0-1

[Event "Verbandsliga Nord Baden 0910"]
[Site "Baden"]
[Date "2010.12.12"]
[Round "4.2"]
[White "Jonitz, Jens"]
[Black "Bodrozic, Tomislav"]
[Result "1/2-1/2"]
[WhiteElo "2138"]
[BlackElo "2056"]
[PlyCount "126"]
[EventDate "2010.10.17"]
[EventType "team-tourn"]
[EventRounds "9"]
[EventCountry "GER"]
[SourceTitle "EXT 2012"]
[Source "ChessBase"]
[SourceDate "2011.11.24"]
[SourceVersion "1"]
[SourceVersionDate "2011.11.24"]
[SourceQuality "1"]
[WhiteTeam "Untergrombach II"]
[BlackTeam "Birkenfeld"]
[WhiteTeamCountry "GER"]
[BlackTeamCountry "GER"]

1. e4 c5 2. Nf3 d6 3. d3 Nc6 4. Be2 g6 5. 0-0 Bg7 6. c3 e5 7. Nbd2 Nge7 8. Re1 0-0 9. Nf1 h6 10. Ng3 d5 11. a3 a5 12. b3 f5 13. exf5 Nxf5 14. Bb2 Be6 15. Qc2 Rc8 16. Rad1 b5 17. d4 cxd4 18. Bxb5 dxc3 19. Bxc6 cxb2 20. Nxe5 Qc7 21. Nxg6 Qxc6 22. Qxc6 Rxc6 23. Nxf5 Bxf5 24. Ne7+ Kh7 25. Nxc6 Bc2 26. Rxd5 Be4 27. Rd2 Bxc6 28. Rb1 Re8 29. h3 Bb5 30. Rbxb2 Re1+ 31. Kh2 Be5+ 32. f4 Bxf4+ 33. g3 Bxd2 34. Rxd2 Re2+ 35. Rxe2 Bxe2 36. g4 Kg6 37. Kg3 Kf6 38. Kf4 Ke6 39. Ke4 Bf1 40. h4 Bh3 41. Kf4 Bf1 42. Ke4 Be2 43. Kf4 Bb5 44. Ke4 Be8 45. Kf4 Bc6 46. b4 a4 47. g5 h5 48. Ke3 Ke5 49. Kd3 Bb5+ 50. Kc3 Bf1 51. Kd2 Bc4 52. Ke3 Bb5 53. Kd2 Be8 54. Ke3 Kf5 55. Kf3 Ke5 56. Ke3 Kf5 57. Kf3 Ke5 58. Ke3 Bg6 59. Kf3 Kd4 60. Kf4 Bd3 61. Kf3 Be4+ 62. Kf4 Bg6 63. Kf3 Bd3 1/2-1/2

[Event "Verbandsliga Nord Baden 0809"]
[Site "Germany"]
[Date "2009.03.22"]
[Round "8.6"]
[White "Grofig, Patrick"]
[Black "Jonitz, Jens"]
[Result "0-1"]
[WhiteElo "2137"]
[BlackElo "2138"]
[PlyCount "82"]
[EventDate "2008.09.28"]
[EventType "team"]
[EventRounds "9"]
[EventCountry "GER"]
[SourceTitle "EXT 2010"]
[Source "ChessBase"]
[SourceDate "2010.11.25"]
[SourceVersion "1"]
[SourceVersionDate "2010.11.25"]
[SourceQuality "1"]
[WhiteTeam "Karlsruhe II"]
[BlackTeam "Untergrombach II"]
[WhiteTeamCountry "GER"]
[BlackTeamCountry "GER"]

1. d4 d6 2. Nf3 Bg4 3. e4 Nd7 4. Bc4 e6 5. 0-0 c6 6. Re1 Ngf6 7. e5 Nd5 8. Be2 dxe5 9. Nxe5 Nxe5 10. Bxg4 Nxg4 11. Qxg4 Qf6 12. c3 Qg6 13. Qf3 Be7 14. Nd2 0-0 15. Nc4 Bf6 16. Ne5 Bxe5 17. Rxe5 h6 18. Qe2 Rad8 19. Re4 Nf6 20. Re3 Rd5 21. Rg3 Qe4 22. Be3 Rfd8 23. Re1 Qh7 24. f3 a6 25. a4 b5 26. Ra1 Nh5 27. Rh3 Nf6 28. b3 Rh5 29. Rxh5 Nxh5 30. axb5 axb5 31. c4 bxc4 32. bxc4 Qf5 33. g3 Nf6 34. Kg2 e5 35. Rd1 e4 36. Rf1 Re8 37. f4 Ra8 38. h3 Ra3 39. Re1 Qa5 40. Rc1 Qa4 41. Rc2 Rxe3 0-1

[Event "BL2-Sued 0405"]
[Site "Germany"]
[Date "2004.11.28"]
[Round "3.8"]
[White "Jonitz, Jens"]
[Black "Neunhoeffer, Helmut"]
[Result "1/2-1/2"]
[WhiteElo "2135"]
[BlackElo "2300"]
[PlyCount "162"]
[EventDate "2004.10.24"]
[EventType "team-tourn"]
[EventRounds "9"]
[EventCountry "GER"]
[SourceTitle "EXT 2007"]
[Source "ChessBase"]
[SourceDate "2006.11.23"]
[SourceVersion "1"]
[SourceVersionDate "2006.11.23"]
[SourceQuality "1"]
[WhiteTeam "Untergrombach"]
[BlackTeam "Handschuhsheim"]
[WhiteTeamCountry "GER"]
[BlackTeamCountry "GER"]

1. e4 e5 2. Nf3 Nc6 3. d3 Nf6 4. Be2 g6 5. c3 Bg7 6. 0-0 0-0 7. b4 a6 8. Nbd2 d6 9. a3 h6 10. Re1 Nh5 11. g3 f5 12. Nc4 fxe4 13. dxe4 Nf6 14. Nh4 Nxe4 15. Qd5+ Kh7 16. Qxe4 Bf5 17. Nxf5 gxf5 18. Qc2 Qf6 19. Ne3 Ne7 20. Bb2 Kh8 21. c4 f4 22. Ng4 Qf7 23. Bd3 h5 24. Nxe5 dxe5 25. Bxe5 fxg3 26. hxg3 Rad8 27. Ra2 Nc6 28. Bg6 Qf3 29. Bxg7+ Kxg7 30. Be4 Qf6 31. Bxc6 bxc6 32. Qc1 Rd3 33. Rae2 Rf7 34. Qc2 Qd4 35. Kg2 Rc3 36. Qe4 Rxc4 37. Qxd4+ Rxd4 38. Re5 h4 39. R1e4 Rxe4 40. Rxe4 hxg3 41. Rg4+ Kf8 42. Rxg3 Ke7 43. Rg5 Rf4 44. Ra5 Rg4+ 45. Kf3 Rc4 46. Rxa6 c5 47. Rc6 Rc3+ 48. Ke4 Kd7 49. Rxc5 Rxa3 50. b5 Kd6 51. Rd5+ Ke6 52. Re5+ Kd6 53. f4 Ra4+ 54. Kf5 Ra8 55. Re6+ Kd5 56. Rc6 Rf8+ 57. Kg5 Rg8+ 58. Kf6 Rf8+ 59. Kg5 Rg8+ 60. Kf5 Rf8+ 61. Rf6 Rb8 62. Kg6 Ke4 63. f5 Rg8+ 64. Kf7 Rb8 65. Kg6 Rg8+ 66. Kh6 Rb8 67. Kg5 Rxb5 68. Re6+ Kd5 69. Re7 Kd6 70. Re1 Rb2 71. f6 Rf2 72. Kg6 c5 73. f7 c4 74. Re8 Kd5 75. f8Q Rxf8 76. Rxf8 Ke4 77. Rc8 Kd3 78. Kf5 c3 79. Kf4 c2 80. Kf3 Kd2 81. Rxc2+ Kxc2 1/2-1/2

[Event "Verbandsliga Nord Baden 0405"]
[Site "Germany"]
[Date "2004.10.10"]
[Round "1.2"]
[White "Biebinger, Gerhard"]
[Black "Jonitz, Jens"]
[Result "1-0"]
[WhiteElo "2334"]
[BlackElo "2135"]
[PlyCount "47"]
[EventDate "2004.10.10"]
[EventType "team"]
[EventRounds "9"]
[EventCountry "GER"]
[SourceTitle "EXT 2007"]
[Source "ChessBase"]
[SourceDate "2006.11.23"]
[SourceVersion "1"]
[SourceVersionDate "2006.11.23"]
[SourceQuality "1"]
[WhiteTeam "Kirchheim II"]
[BlackTeam "Untergrombach II"]
[WhiteTeamCountry "GER"]
[BlackTeamCountry "GER"]

1. c4 e5 2. Nc3 Nc6 3. Nf3 g6 4. d4 exd4 5. Nxd4 Bg7 6. Nxc6 bxc6 7. g3 Ne7 8. Bg2 0-0 9. 0-0 d6 10. Bg5 Rb8 11. Qc1 h6 12. Bxh6 Bxh6 13. Qxh6 Rxb2 14. Rab1 Nf5 15. Qf4 Rc2 16. Rfc1 Rxc1+ 17. Qxc1 Be6 18. Bxc6 Bxc4 19. Bd5 Bxd5 20. Nxd5 Nd4 21. Qh6 Nxe2+ 22. Kf1 c6 23. Rb8 Qxb8 24. Nf6# 1-0

[Event "Oberliga Baden 0304 "]
[Site "Germany"]
[Date "2003.12.14"]
[Round "4.8"]
[White "Strittmatter, Norbert"]
[Black "Jonitz, Jens"]
[Result "1-0"]
[WhiteElo "2088"]
[BlackElo "2135"]
[PlyCount "133"]
[EventDate "2003.10.12"]
[EventType "team-tourn"]
[EventRounds "9"]
[EventCountry "GER"]
[SourceTitle "EXT 2006"]
[Source "ChessBase"]
[SourceDate "2005.11.24"]
[SourceVersion "1"]
[SourceVersionDate "2005.11.24"]
[SourceQuality "1"]
[WhiteTeam "Waldshut Tiengen"]
[BlackTeam "Untergrombach"]
[WhiteTeamCountry "GER"]
[BlackTeamCountry "GER"]

1. e4 e5 2. Nf3 d6 3. d3 Be7 4. g3 c5 5. Bg2 Nc6 6. c3 Bg4 7. h3 Bxf3 8. Qxf3 Bg5 9. Nd2 Nge7 10. 0-0 0-0 11. Qg4 Bh6 12. Qh5 Ng6 13. Nc4 Bxc1 14. Raxc1 b5 15. Ne3 b4 16. f4 Nge7 17. Rc2 Rb8 18. f5 f6 19. g4 bxc3 20. bxc3 h6 21. Bf3 Na5 22. h4 Qe8 23. g5 Qxh5 24. Bxh5 Kh7 25. Rg2 c4 26. dxc4 Rbc8 27. Rb1 Rb8 28. Rd1 Rb6 29. Kh1 Rfb8 30. gxf6 gxf6 31. Rdg1 Nac6 32. Rg7+ Kh8 33. Rf7 Rb1 34. Nd1 Rg8 35. Bg6 Rg7 36. Rxf6 Na5 37. Rxd6 Nxc4 38. Rd8+ Rg8 39. Rd7 Rg7 40. h5 Nb6 41. Rxa7 Nxf5 42. Rxg7 Nxg7 43. Bf7 Rc1 44. Bb3 Nd7 45. Rg6 Kh7 46. Rd6 Nc5 47. Bf7 Nge6 48. Bxe6 Nxe6 49. Rxe6 Rxd1+ 50. Kg2 Rd2+ 51. Kf3 Rd3+ 52. Kg4 Rxc3 53. Re7+ Kg8 54. Ra7 Re3 55. Kf5 Rg3 56. Kxe5 Rg5+ 57. Kf6 Rxh5 58. e5 Rh2 59. e6 Rf2+ 60. Ke7 Re2 61. Kd7 Rd2+ 62. Ke8 h5 63. Ra5 Kg7 64. e7 h4 65. Ra4 h3 66. Rg4+ Kf6 67. Kf8 1-0

[Event "Verbandsliga Nord Baden 0001"]
[Site "Germany"]
[Date "2000.10.22"]
[Round "2.5"]
[White "Jonitz, Jens"]
[Black "Klueners, Juergen"]
[Result "1-0"]
[WhiteElo "2135"]
[BlackElo "2173"]
[PlyCount "35"]
[EventDate "2000.10.??"]
[EventType "team"]
[EventRounds "9"]
[EventCountry "GER"]
[SourceTitle "EXT 2004"]
[Source "ChessBase"]
[SourceDate "2003.11.25"]
[SourceVersion "1"]
[SourceVersionDate "2003.11.25"]
[SourceQuality "1"]
[WhiteTeam "Untergrombach II"]
[BlackTeam "Neckargemuend"]
[WhiteTeamCountry "GER"]
[BlackTeamCountry "GER"]

1. e4 e5 2. Nf3 d6 3. d4 Nf6 4. dxe5 Nxe4 5. Qd5 Nc5 6. Bg5 Qd7 7. exd6 Bxd6 8. Nc3 Qe6+ 9. Be3 0-0 10. 0-0-0 Qxd5 11. Nxd5 Nba6 12. b4 Ne4 13. Rd4 f5 14. Bc4 Kh8 15. Re1 Nxb4 16. Nxb4 Bxb4 17. Ne5 Nd6 18. Ng6+ 1-0

[Event "Zuerich Hilton op"]
[Site "Zuerich"]
[Date "1999.08.19"]
[Round "6"]
[White "Jonitz, Jens"]
[Black "Rakazovic, Zeljko"]
[Result "1-0"]
[WhiteElo "2316"]
[BlackElo "2103"]
[PlyCount "51"]
[EventDate "1999.08.13"]
[EventType "swiss"]
[EventRounds "9"]
[EventCountry "SUI"]
[SourceTitle "EXT 2000"]
[Source "ChessBase"]
[SourceDate "1999.11.16"]
[SourceVersion "1"]
[SourceVersionDate "1999.11.16"]
[SourceQuality "1"]

1. e4 Nf6 2. e5 Nd5 3. d4 d6 4. Nf3 g6 5. Bc4 Nb6 6. Bb3 d5 7. h3 Bg7 8. 0-0 0-0 9. a4 Nc6 10. Qe2 Na5 11. Ba2 a6 12. b4 Nc6 13. a5 Nd7 14. c3 e6 15. Bg5 Ne7 16. Nbd2 b6 17. axb6 Nxb6 18. Bb1 Qe8 19. Bd3 Nc4 20. Bxe7 Qxe7 21. Nxc4 dxc4 22. Bxc4 f6 23. exf6 Rxf6 24. Rfe1 Kh8 25. Bxa6 Rxf3 26. Qxf3 1-0

[Event "Glorney Cup U20"]
[Site "Bruges"]
[Date "1999.07.26"]
[Round "1"]
[White "Hodge, David Jonathan"]
[Black "Jonitz, Jens"]
[Result "1-0"]
[WhiteElo "2117"]
[BlackElo "2316"]
[PlyCount "43"]
[EventDate "1999.07.26"]
[EventType "team"]
[EventRounds "5"]
[EventCountry "BEL"]
[SourceTitle "EXT 2000"]
[Source "ChessBase"]
[SourceDate "1999.11.16"]
[SourceVersion "1"]
[SourceVersionDate "1999.11.16"]
[SourceQuality "1"]

1. e4 e6 2. d4 d5 3. Nd2 Nf6 4. e5 Nfd7 5. Bd3 c5 6. c3 Nc6 7. Ngf3 g6 8. h4 Qb6 9. h5 Bg7 10. hxg6 hxg6 11. Rxh8+ Bxh8 12. Nb3 c4 13. Bxc4 dxc4 14. Nbd2 Qa6 15. Ne4 Nd8 16. Nd6+ Ke7 17. Bg5+ f6 18. Nh4 Nf8 19. Bh6 fxe5 20. dxe5 Nf7 21. Bxf8+ Kxf8 22. Qf3 1-0

[Event "Oberliga Baden 9899"]
[Site "Germany"]
[Date "1998.11.08"]
[Round "2.4"]
[White "Gerigk, Erasmus"]
[Black "Jonitz, Jens"]
[Result "1-0"]
[WhiteElo "2275"]
[BlackElo "2160"]
[PlyCount "51"]
[EventDate "1998.10.??"]
[EventType "team"]
[EventRounds "9"]
[EventCountry "GER"]
[SourceTitle "EXT 2002"]
[Source "ChessBase"]
[SourceDate "2001.11.25"]
[SourceVersion "1"]
[SourceVersionDate "2001.11.25"]
[SourceQuality "1"]
[WhiteTeam "Heidelberg"]
[BlackTeam "Untergrombach"]
[WhiteTeamCountry "GER"]
[BlackTeamCountry "GER"]

1. e4 e5 2. Nf3 d6 3. d4 Nf6 4. dxe5 Nxe4 5. Qd5 Nc5 6. Bg5 Be7 7. exd6 Qxd6 8. Nc3 Qxd5 9. Nxd5 Bd6 10. 0-0-0 Ne6 11. h4 h6 12. Be3 Bd7 13. Bc4 Nc6 14. Nd2 Ne5 15. Be2 f5 16. f4 Nf7 17. Nc4 0-0 18. Nxd6 Nxd6 19. Nxc7 Nxc7 20. Rxd6 Bc6 21. Bf3 Rad8 22. Rhd1 Rxd6 23. Rxd6 Bxf3 24. gxf3 Re8 25. Kd2 Kf7 26. Rd7+ 1-0

[Event "VAM Hoogeveen op"]
[Site "Hoogeveen"]
[Date "1998.10.22"]
[Round "7"]
[White "Jonitz, Jens"]
[Black "Hartoch, Robert G"]
[Result "1/2-1/2"]
[WhiteElo "2160"]
[BlackElo "2315"]
[PlyCount "21"]
[EventDate "1998.09.??"]
[EventType "swiss"]
[EventRounds "9"]
[EventCountry "NED"]
[SourceTitle "EXT 1999"]
[Source "ChessBase"]
[SourceDate "1998.11.16"]
[SourceVersion "1"]
[SourceVersionDate "1998.11.16"]
[SourceQuality "1"]

1. e4 g6 2. d4 Bg7 3. c4 Nc6 4. Nf3 d6 5. Be3 Bg4 6. Be2 e5 7. d5 Bxf3 8. Bxf3 Nd4 9. 0-0 Ne7 10. Nc3 0-0 11. g3 1/2-1/2

[Event "VAM Hoogeveen op"]
[Site "Hoogeveen"]
[Date "1998.10.18"]
[Round "3"]
[White "Jonitz, Jens"]
[Black "Ernst, Sipke"]
[Result "0-1"]
[WhiteElo "2160"]
[BlackElo "2420"]
[PlyCount "50"]
[EventDate "1998.09.??"]
[EventType "swiss"]
[EventRounds "9"]
[EventCountry "NED"]
[SourceTitle "EXT 1999"]
[Source "ChessBase"]
[SourceDate "1998.11.16"]
[SourceVersion "1"]
[SourceVersionDate "1998.11.16"]
[SourceQuality "1"]

1. e4 e5 2. Nf3 Nc6 3. Bb5 a6 4. Ba4 Nf6 5. 0-0 Nxe4 6. d4 b5 7. Bb3 d5 8. dxe5 Be6 9. c3 Bc5 10. Nbd2 0-0 11. Bc2 Nxf2 12. Rxf2 f6 13. exf6 Bxf2+ 14. Kxf2 Qxf6 15. Nf1 Ne5 16. Be3 Rae8 17. Bd4 Bg4 18. Bxe5 Rxe5 19. N1d2 Qb6+ 20. Kf1 Rh5 21. h3 Bxh3 22. gxh3 Rxh3 23. Kg2 Qe6 24. Qg1 Qg4+ 25. Kf2 Rfxf3+ 0-1

[Event "VAM Hoogeveen op"]
[Site "Hoogeveen"]
[Date "1998.10.17"]
[Round "2"]
[White "De Blecourt, Sandra"]
[Black "Jonitz, Jens"]
[Result "0-1"]
[WhiteElo "2040"]
[BlackElo "2160"]
[PlyCount "72"]
[EventDate "1998.09.??"]
[EventType "swiss"]
[EventRounds "9"]
[EventCountry "NED"]
[SourceTitle "EXT 1999"]
[Source "ChessBase"]
[SourceDate "1998.11.16"]
[SourceVersion "1"]
[SourceVersionDate "1998.11.16"]
[SourceQuality "1"]

1. d4 Nf6 2. c4 g6 3. Nc3 Bg7 4. e4 d6 5. Bd3 0-0 6. Nge2 Nc6 7. 0-0 Nh5 8. Be3 e5 9. d5 Nd4 10. f3 f5 11. exf5 gxf5 12. f4 Nxe2+ 13. Nxe2 Nxf4 14. Nxf4 exf4 15. Rxf4 Bxb2 16. Rb1 Be5 17. Rxf5 Bxh2+ 18. Kh1 Bxf5 19. Bxf5 Qh4 20. Qg4+ Qxg4 21. Bxg4 Be5 22. Kg1 b6 23. Rb3 Rf6 24. Bg5 Rg6 25. Be6+ Kg7 26. Bh4 Rf8 27. Ra3 a5 28. Rh3 Rf4 29. Bg3 Rxc4 30. Bxe5+ dxe5 31. Rh5 e4 32. Bf5 e3 33. Bxg6 Rc1+ 34. Kh2 e2 35. Bd3 e1Q 36. Rxh7+ Kg8 0-1

[Event "Oberliga Baden 9798"]
[Site "Germany"]
[Date "1998.03.08"]
[Round "7.7"]
[White "Jonitz, Jens"]
[Black "Mueller, Olaf"]
[Result "1/2-1/2"]
[WhiteElo "2160"]
[BlackElo "2325"]
[PlyCount "100"]
[EventDate "1997.10.??"]
[EventType "team"]
[EventRounds "9"]
[EventCountry "GER"]
[SourceTitle "EXT 2002"]
[Source "ChessBase"]
[SourceDate "2001.11.25"]
[SourceVersion "1"]
[SourceVersionDate "2001.11.25"]
[SourceQuality "1"]
[WhiteTeam "Untergrombach"]
[BlackTeam "Freiburg"]
[WhiteTeamCountry "GER"]
[BlackTeamCountry "GER"]

1. e4 c5 2. Nc3 Nc6 3. g3 g6 4. Bg2 Bg7 5. d3 d6 6. Be3 e6 7. Qd2 Nd4 8. Nd1 Ne7 9. c3 Ndc6 10. Bh6 0-0 11. h4 f6 12. Bxg7 Kxg7 13. h5 g5 14. h6+ Kh8 15. f4 gxf4 16. gxf4 e5 17. Bh3 b5 18. Ne2 Rg8 19. Bxc8 Rxc8 20. Ne3 Qf8 21. 0-0-0 b4 22. Nd5 Nxd5 23. exd5 bxc3 24. bxc3 Ne7 25. c4 Rg6 26. fxe5 fxe5 27. Rdf1 Qe8 28. Nc3 Rb8 29. Rhg1 Ng8 30. Rxg6 Qxg6 31. Rh1 Rf8 32. Qe3 Rf4 33. Ne4 Nxh6 34. Qh3 Nf5 35. Re1 Rh4 36. Qf3 Qh6+ 37. Kb2 Rf4 38. Qg2 Qg7 39. Qh3 Qb7+ 40. Kc1 Qg7 41. Qh2 Qg6 42. Qb2 h5 43. Qb8+ Kh7 44. Qxa7+ Kh6 45. Qb8 h4 46. a4 Ng3 47. Qh8+ Qh7 48. Qxh7+ Kxh7 49. Nxg3 hxg3 50. Rg1 Rg4 1/2-1/2

[Event "Haarlem AKN op 07th"]
[Site "Haarlem"]
[Date "1998.??.??"]
[Round "2"]
[White "Hartoch, Robert G"]
[Black "Jonitz, Jens"]
[Result "1/2-1/2"]
[WhiteElo "2320"]
[BlackElo "2160"]
[PlyCount "48"]
[EventDate "1998.07.01"]
[EventType "swiss"]
[EventRounds "6"]
[EventCountry "NED"]
[SourceTitle "EXT 1999"]
[Source "ChessBase"]
[SourceDate "1998.11.16"]
[SourceVersion "1"]
[SourceVersionDate "1998.11.16"]
[SourceQuality "1"]

1. Nf3 Nf6 2. g3 g6 3. b3 Bg7 4. Bb2 0-0 5. Bg2 d6 6. d4 e5 7. dxe5 Nfd7 8. 0-0 dxe5 9. e4 a5 10. a4 Na6 11. Nbd2 Nac5 12. Qe2 b6 13. Nc4 Ba6 14. Rfd1 Qe7 15. Nfd2 Ne6 16. c3 Ndc5 17. Ba3 Qe8 18. Nf1 b5 19. Qe3 Nxb3 20. Bxf8 Qxf8 21. axb5 Bxb5 22. Na3 Nxa1 23. Rxa1 Be8 24. Qd3 Qc5 1/2-1/2

[Event "Haarlem AKN op 07th"]
[Site "Haarlem"]
[Date "1998.??.??"]
[Round "3"]
[White "Jonitz, Jens"]
[Black "Van Delft, Merijn"]
[Result "1/2-1/2"]
[WhiteElo "2160"]
[BlackElo "2240"]
[PlyCount "113"]
[EventDate "1998.07.01"]
[EventType "swiss"]
[EventRounds "6"]
[EventCountry "NED"]
[SourceTitle "EXT 1999"]
[Source "ChessBase"]
[SourceDate "1998.11.16"]
[SourceVersion "1"]
[SourceVersionDate "1998.11.16"]
[SourceQuality "1"]

1. e4 c5 2. Nf3 d6 3. d4 Nf6 4. Nc3 cxd4 5. Nxd4 Nc6 6. Bc4 Qb6 7. Nb3 e6 8. 0-0 Be7 9. a4 0-0 10. a5 Qc7 11. Bd3 Bd7 12. f4 Nb4 13. Be3 e5 14. Qf3 Bc6 15. fxe5 dxe5 16. Qg3 Nxd3 17. cxd3 Qd7 18. Rad1 Ng4 19. Bc1 Qe6 20. d4 Qxb3 21. Qxg4 f5 22. exf5 exd4 23. Qxd4 Rad8 24. Qg4 Qc2 25. Kh1 Rxd1 26. Rxd1 h5 27. Qc4+ Kh7 28. Qe2 Qxe2 29. Nxe2 Rxf5 30. Nd4 Rd5 31. Be3 Bf6 32. Rd2 Rxa5 33. Nxc6 Ra1+ 34. Bg1 bxc6 35. g3 Rb1 36. Kg2 Rxb2 37. Rxb2 Bxb2 38. Bxa7 Kg6 39. Kf3 Kf5 40. h3 Bc1 41. Bd4 g6 42. Bh8 c5 43. Bc3 Bg5 44. g4+ hxg4+ 45. hxg4+ Ke6 46. Ke4 Bf6 47. Bd2 c4 48. Bc1 Bc3 49. g5 Be5 50. Ba3 Bg7 51. Bc1 Bc3 52. Bf4 Ba5 53. Be3 c3 54. Bc1 Bb4 55. Kd3 Kf5 56. Be3 Be7 57. Bd4 1/2-1/2

[Event "Oberliga Baden 9697"]
[Site "Germany"]
[Date "1997.01.12"]
[Round "5.5"]
[White "Mueller, Rudolf"]
[Black "Jonitz, Jens"]
[Result "1-0"]
[WhiteElo "2320"]
[BlackElo "2155"]
[PlyCount "97"]
[EventDate "1996.10.??"]
[EventType "team"]
[EventRounds "9"]
[EventCountry "GER"]
[SourceTitle "EXT 2002"]
[Source "ChessBase"]
[SourceDate "2001.11.25"]
[SourceVersion "1"]
[SourceVersionDate "2001.11.25"]
[SourceQuality "1"]
[WhiteTeam "Karlsruhe II"]
[BlackTeam "Untergrombach"]
[WhiteTeamCountry "GER"]
[BlackTeamCountry "GER"]

1. e4 e5 2. Nf3 d6 3. Bc4 Nf6 4. d4 Nxe4 5. dxe5 c6 6. 0-0 d5 7. Bd3 Nc5 8. Re1 Be7 9. Nd4 0-0 10. f4 Nxd3 11. Qxd3 c5 12. Nf5 Bxf5 13. Qxf5 Qd7 14. Qh5 g6 15. Qf3 Nc6 16. Nc3 Rad8 17. Rd1 d4 18. Ne4 b6 19. a3 Qd5 20. b3 f5 21. exf6 Bxf6 22. c4 Qd7 23. b4 Be7 24. b5 Ne5 25. Qb3 Nf7 26. Ra2 Nd6 27. Re2 Nxe4 28. Rxe4 Bd6 29. Rde1 Rde8 30. Qd3 Qf7 31. g3 Rxe4 32. Rxe4 Re8 33. Rxe8+ Qxe8 34. Bd2 Qe6 35. Kg2 Kf7 36. Kf3 h5 37. a4 Qg4+ 38. Kg2 Qe6 39. a5 Kf6 40. a6 Kf7 41. h3 Be7 42. h4 Kf6 43. Kf2 Kf7 44. Kf3 Qg4+ 45. Kf2 Qe6 46. f5 Qxf5+ 47. Qxf5+ gxf5 48. Bf4 Ke6 49. Bc7 1-0

[Event "Oberliga Baden 9697"]
[Site "Germany"]
[Date "1996.12.15"]
[Round "4.6"]
[White "Eschbach, Dennis"]
[Black "Jonitz, Jens"]
[Result "1-0"]
[WhiteElo "2305"]
[BlackElo "2155"]
[PlyCount "133"]
[EventDate "1996.10.??"]
[EventType "team"]
[EventRounds "9"]
[EventCountry "GER"]
[SourceTitle "EXT 2002"]
[Source "ChessBase"]
[SourceDate "2001.11.25"]
[SourceVersion "1"]
[SourceVersionDate "2001.11.25"]
[SourceQuality "1"]
[WhiteTeam "Waldshut"]
[BlackTeam "Untergrombach"]
[WhiteTeamCountry "GER"]
[BlackTeamCountry "GER"]

1. e4 e5 2. Nf3 d6 3. Bc4 Be7 4. 0-0 Nf6 5. d3 0-0 6. h3 c6 7. Bb3 Na6 8. c3 Nc5 9. Bc2 Qc7 10. Re1 Bd7 11. Nbd2 Rad8 12. d4 Ne6 13. a4 Nf4 14. Nc4 N6h5 15. Ne3 Rfe8 16. Kh2 Bf6 17. d5 g6 18. Ng1 cxd5 19. exd5 Qc8 20. g4 Ng7 21. Ng2 Nxg2 22. Kxg2 Be7 23. f3 f5 24. Be3 b6 25. a5 Qb7 26. axb6 axb6 27. Qd2 Bh4 28. Red1 f4 29. Bf2 Bxf2 30. Qxf2 Ra8 31. Bb3 Ra5 32. Qc2 Rea8 33. Rxa5 Rxa5 34. c4 Ne8 35. Ne2 Nf6 36. Nc3 Qc8 37. Qd2 Kg7 38. Kh2 Qc5 39. Kg2 Qb4 40. Qc2 Qc5 41. Rb1 b5 42. g5 Ne8 43. Ne4 Qe3 44. c5 Ra8 45. Qc3 Qe2+ 46. Nf2 Bxh3+ 47. Kg1 b4 48. Qd3 Qxd3 49. Nxd3 Bf5 50. Rd1 Bxd3 51. Rxd3 dxc5 52. d6 Rd8 53. d7 Nc7 54. Rd6 Nb5 55. Rd5 Nd4 56. Bd1 c4 57. Kf2 c3 58. bxc3 bxc3 59. Ba4 c2 60. Rc5 Kf8 61. Kg2 Ne6 62. Rxc2 Nxg5 63. Rc5 Nf7 64. Rc8 Ke7 65. Kh3 h5 66. Kh4 Rh8 67. Re8+ 1-0